El rey y el pueblo (Record no. 184934)
[ view plain ]
| 000 -LEADER | |
|---|---|
| campo de control de longitud fija | 00482nam a2200145 i 4500 |
| 001 - NÚMERO DE CONTROL | |
| campo de control | 184934 |
| 003 - IDENTIFICADOR DE NÚMERO DE CONTROL | |
| campo de control | ES-MaACL |
| 005 - FECHA Y HORA DE LA ÚLTIMA TRANSACCIÓN | |
| campo de control | 20230906222318.0 |
| 008 - DATOS DE LONGITUD FIJA--INFORMACIÓN GENERAL | |
| campo de control de longitud fija | 160219s1929 sp |||| | spa d |
| 100 1# - ENTRADA PRINCIPAL--NOMBRE DE PERSONA | |
| Nombre de persona | Martí Jara, Enrique. |
| 9 (RLIN) | 77221 |
| 245 13 - MENCIÓN DEL TÍTULO | |
| Título | El rey y el pueblo |
| Resto del título | : el constitucionalismo de la postguerra y la propuesta de constitución española / |
| Mención de responsabilidad, etc. | por Enrique Martí Jara. |
| 260 ## - PUBLICACIÓN, DISTRIBUCIÓN, ETC. | |
| Lugar de publicación, distribución, etc. | Madrid : |
| Nombre del editor, distribuidor, etc. | Reus, |
| Fecha de publicación, distribución, etc. | 1929. |
| 300 ## - DESCRIPCIÓN FÍSICA | |
| Extensión | 352 p. ; |
| Dimensiones | 21 cm. |
| 852 ## - LOCALIZACIÓN | |
| Ubicación | ES-MaACL |
| Número de control de estantería | B-3963 |
| Estatus retirado | Estado de pérdida | Estado de daño | No para préstamo | Biblioteca de origen | Biblioteca actual | Ubicación en estantería | Fecha de adquisición | Fuente de adquisición | Total de préstamos | Signatura topográfica completa | Código de barras | Visto por última vez | Precio de reemplazo | Tipo de ítem Koha |
|---|---|---|---|---|---|---|---|---|---|---|---|---|---|---|
| Biblioteca del Ateneo de Madrid | Biblioteca del Ateneo de Madrid | Sala Pardo Bazán | 19/02/2016 | B-3963 | 1194779 | 23/02/2023 | 23/02/2023 | Libro impreso |
